| 000 | 00509nam a2200157 a 4500 | ||
|---|---|---|---|
| 001 | 3127 | ||
| 003 | CDMR | ||
| 005 | 20130412132202.0 | ||
| 008 | 130130s2003||||||||||||||||||||||||||||d | ||
| 040 |
_aCDMR _bcat _cCDMR |
||
| 111 | 2 |
_aJornades Parlamentàries sobre Mitjans de Comunicació Audiovisual _cBarcelona _d2002 _n5enes _9738 |
|
| 245 | 1 | 0 | _aPerspectives de la indústria audiovisual a Catalunya |
| 260 |
_aBarcelona _c2003 _bParlament de Catalunya |
||
| 650 | 0 | 4 |
_93092 _aIndústria audiovisual |
| 942 |
_cMON _2udc |
||
| 999 |
_c3127 _d3127 |
||